ALGORITHMS IN JAVA (Record no. 216531)

MARC details
000 -LEADER
fixed length control field 00446nam a22001577a 4500
008 - FIXED-LENGTH DATA ELEMENTS--GENERAL INFORMATION
fixed length control field 260204b |||||||| |||| 00| 0 eng d
020 ## - INTERNATIONAL STANDARD BOOK NUMBER
International Standard Book Number 0-201-36120-5
100 ## - MAIN ENTRY--PERSONAL NAME
Personal name SEDGEWICK, ROBERT
245 ## - TITLE STATEMENT
Title ALGORITHMS IN JAVA
260 ## - PUBLICATION, DISTRIBUTION, ETC.
Place of publication, distribution, etc. MASSACHUSETTS
Name of publisher, distributor, etc. ADDISON -WESLEY
Date of publication, distribution, etc. 2003
300 ## - PHYSICAL DESCRIPTION
Extent XIX, 736P
500 ## - GENERAL NOTE
General note INCLUDES INDEX
650 ## - SUBJECT ADDED ENTRY
Topical term or geographic name entry element 1.JAVA (COMPUTER PROGRAM LANGUAGE) 2. COMPUTER ALGORITHMS
942 ## - ADDED ENTRY ELEMENTS (KOHA)
Source of classification or shelving scheme Library of Congress Classification
Koha item type Long Loan Book
Holdings
Withdrawn status Lost status Source of classification or shelving scheme Damaged status Not for loan Collection Home library Current library Shelving location Date acquired Inventory number Total checkouts Full call number Barcode Date last seen Copy number Price effective from Koha item type
    Library of Congress Classification     Science & Technology Kisii University Library Kisii University Library On Display 02/04/2026 111728   QA 76.73 .C15S43 2003 50601 02/04/2026 1 02/04/2026 Long Loan Book
    Library of Congress Classification     Science & Technology Kisii University Library Kisii University Library On Display 02/04/2026 111729   QA 76.73 .C15S43 2003 50606 02/04/2026 2 02/04/2026 Long Loan Book
    Library of Congress Classification     Science & Technology Kisii University Library Kisii University Library On Display 02/04/2026 111730   QA 76.73 .C15S43 2003 50611 02/04/2026 3 02/04/2026 Long Loan Book
    Library of Congress Classification     Science & Technology Kisii University Library Kisii University Library On Display 02/04/2026 111731   QA 76.73 .C15S43 2003 50613 02/04/2026 4 02/04/2026 Long Loan Book
    Library of Congress Classification     Science & Technology Kisii University Library Kisii University Library On Display 03/06/2026 111784   QA 76.73 .C15 S43 2003 000000024087 03/06/2026 5 03/06/2026 Long Loan Book